Europe of the invasions / (Record no. 17324)
[ view plain ]
| 000 -LEADER | |
|---|---|
| fixed length control field | 01199cam a2200337 4500 |
| 001 - CONTROL NUMBER | |
| control field | 17324 |
| 003 - CONTROL NUMBER IDENTIFIER | |
| rucl marc code | BD-RjUL |
| 005 - DATE AND TIME OF LATEST TRANSACTION | |
| control field | 20211209000124.0 |
| 008 - FIXED-LENGTH DATA ELEMENTS--GENERAL INFORMATION | |
| fixed length control field | 140216s1969 nyuabeh b 001 0 eng |
| 035 ## - SYSTEM CONTROL NUMBER | |
| System control number | (BD-RjUL) |
| 040 ## - CATALOGING SOURCE | |
| Original cataloging agency | DLC |
| Transcribing agency | DLC |
| Modifying agency | DLC |
| -- | BD-RjUL |
| Language of cataloging | eng |
| 041 1# - LANGUAGE CODE | |
| Language code of text/sound track or separate title | engfre |
| 082 00 - DEWEY DECIMAL CLASSIFICATION NUMBER | |
| Classification number | 709.05 |
| Author mark and year | HUE 1969 |
| 100 1# - MAIN ENTRY--PERSONAL NAME | |
| Personal name | Hubert, Jean, |
| Dates associated with a name | 1902- |
| 9 (RLIN) | 53390 |
| 245 10 - TITLE STATEMENT | |
| Title | Europe of the invasions / |
| Statement of responsibility, etc. | J. Hubert, J. Porcher [and] W. F. Volbach. [Translated by Stuart Gilbert and James Emmons] |
| 260 ## - PUBLICATION, DISTRIBUTION, ETC. (IMPRINT) | |
| Place of publication, distribution, etc. | New York : |
| Name of publisher, distributor, etc. | G. Braziller, |
| Date of publication, distribution, etc. | 1969. |
| 300 ## - PHYSICAL DESCRIPTION | |
| Pagination | xv, 387 p. : |
| Illustrations | illus. (part fold. col.), facsims. (part col.), col. maps (3 fold.), plans (part col.) |
| Size | 29 cm. |
| 350 ## - PRICE (NR) (BK AM CF MU VM SE) [OBSOLETE] | |
| Price | $30.00 |
| 500 ## - GENERAL NOTE | |
| General note | Translation of L'Europe des invasions. |
| 504 ## - BIBLIOGRAPHY, ETC. NOTE | |
| Bibliography, etc | Bibliography: p. 331-[345] |
| 650 #0 - SUBJECT ADDED ENTRY--TOPICAL TERM | |
| Topical term or geographic name as entry element | Art, Early Christian. |
| 9 (RLIN) | 53392 |
| Topical term or geographic name as entry element | Art, Medieval. |
| 9 (RLIN) | 2936 |
| 651 #0 - SUBJECT ADDED ENTRY--GEOGRAPHIC NAME | |
| Geographic name | Rome |
| General subdivision | History |
| Chronological subdivision | Germanic Invasions, 3rd-6th centuries. |
| 9 (RLIN) | 53393 |
| 700 1# - ADDED ENTRY--PERSONAL NAME | |
| Personal name | Porcher, Jean. |
| Personal name | Volbach, Wolfgang Fritz, |
| Dates associated with a name | 1892-1988. |
| 942 ## - ADDED ENTRY ELEMENTS (KOHA) | |
| Source of classification or shelving scheme | Dewey Decimal Classification |
| Koha item type | Books |
| Lost status | Source of classification or shelving scheme | Damaged status | Not for loan | Collection code | Permanent Location | Current Location | Shelving location | Date acquired | Source of acquisition | Cost, normal purchase price | Total Checkouts | Full call number | Date last seen | Copy number | Koha item type |
|---|---|---|---|---|---|---|---|---|---|---|---|---|---|---|---|
| Dewey Decimal Classification | Not For Loan | Non-fiction | Central Library, University of Rajshahi | Central Library, University of Rajshahi | Reading Room | 28/05/1975 | JANATHAN | 10.50 | 709.05 HUE 1969 | 16/02/2014 | C-1 | Books |